00374pab a2200133 454500008004000000100002600040245006300066260000900129300001600138362001100154650002100165650002000186773003400206180718b2005 xxu||||| |||| 00| 0 eng d aMallik, Jayanta Kumar aIndia's exports: policy defeating exchange rate arithmetic c2005 ap.5486-496. a24 Dec aIndia - Commerce aExports/Imports aEconomic and Political Weekly